Home is the place : the fourth generation / Ann M. Martin.
Far and near. Lost and found. Four girls. Four generations. Georgia cannot figure out what's going on in her family. Her mother, Francie, is extremely overprotective. Her grandmother, Dana, and her great-grandmother, Abby, don't speak to each other. And Georgia's great-great-grandmother also had some secrets that nobody else knows about. Georgia knows this because she's found her great-great grandmother's diary hidden in a wall in the family's house in Maine. Reading the diary makes her think of her own struggles - and draws her even closer to the mysteries of her family as Abby's hundredth birthday approaches.
Record details
- ISBN: 9780545359450
- ISBN: 0545359457
- Physical Description: 215 pages ; 22 cm
- Edition: First edition.
- Publisher: New York : Scholastic Press, 2015.
Search for related items by subject
| Genre: | Domestic fiction. Domestic fiction. Bildungsromans Historical fiction Bildungsromans. Fiction. Juvenile works. Bildungsromans. Bildungsromans. |
Search for related items by series
Available copies
- 1 of 1 copy available at scottsboropl.
Holds
- 0 current holds with 1 total copy.
Show Only Available Copies
| Location | Call Number / Copy Notes | Barcode | Shelving Location | Status | Due Date |
|---|---|---|---|---|---|
| scottsboropl | JF Mar | 32269001202830 | Juvenile - Fiction | Available | - |
| LDR | 03834cam a22008297i 4500 | ||
|---|---|---|---|
| 001 | 158346 | ||
| 003 | SBPL | ||
| 005 | 20220520162404.0 | ||
| 008 | 140805s2015 nyu j 000 1 eng d | ||
| 007 | ta | ||
| 010 | . | ‡a 2014947737 | |
| 040 | . | ‡aYDXCP ‡beng ‡erda ‡erda ‡cDLC ‡dYDXCP ‡dBTCTA ‡dBDX ‡dOI6 ‡dDAD ‡dJBL ‡dOCLCF ‡dUPZ ‡dEHH ‡dCN5O3 ‡dFSIMP ‡dOCLCQ ‡dT7A ‡dIMD ‡dOCLCO ‡dOCL ‡dKPLCP ‡dCHILD ‡dYT6 ‡dCNGUL ‡dLKC ‡dOCLCO ‡dOCLCQ ‡dOCLCO ‡dNZAUC ‡dOCLCO ‡dJX5 ‡dOCLCO ‡dOCL ‡dDLM ‡dOCLCO ‡dOCL | |
| 019 | . | ‡a915374406 ‡a962793643 ‡a1002172788 ‡a1022880439 ‡a1298340142 | |
| 020 | . | ‡a9780545359450 ‡q(hardcover) | |
| 020 | . | ‡a0545359457 ‡q(hardcover) | |
| 035 | . | ‡a(OCoLC)881140963 ‡z(OCoLC)915374406 ‡z(OCoLC)962793643 ‡z(OCoLC)1002172788 ‡z(OCoLC)1022880439 ‡z(OCoLC)1298340142 | |
| 042 | . | ‡alccopycat | |
| 043 | . | ‡an-us-nj | |
| 050 | 0 | 0. | ‡aPZ7.M3567585 ‡bHo 2015 |
| 082 | 0 | 4. | ‡a[Fic] ‡223 |
| 084 | . | ‡aI712.45 ‡2clc | |
| 100 | 1 | . | ‡aMartin, Ann M., ‡d1955- ‡eauthor. |
| 245 | 1 | 0. | ‡aHome is the place : ‡bthe fourth generation / ‡cAnn M. Martin. |
| 250 | . | ‡aFirst edition. | |
| 264 | 1. | ‡aNew York : ‡bScholastic Press, ‡c2015. | |
| 300 | . | ‡a215 pages ; ‡c22 cm | |
| 336 | . | ‡atext ‡btxt ‡2rdacontent | |
| 337 | . | ‡aunmediated ‡bn ‡2rdamedia | |
| 338 | . | ‡avolume ‡bnc ‡2rdacarrier | |
| 380 | . | ‡aNovel | |
| 490 | 1 | . | ‡aFamily tree ; ‡vbook 4 |
| 520 | . | ‡aFar and near. Lost and found. Four girls. Four generations. Georgia cannot figure out what's going on in her family. Her mother, Francie, is extremely overprotective. Her grandmother, Dana, and her great-grandmother, Abby, don't speak to each other. And Georgia's great-great-grandmother also had some secrets that nobody else knows about. Georgia knows this because she's found her great-great grandmother's diary hidden in a wall in the family's house in Maine. Reading the diary makes her think of her own struggles - and draws her even closer to the mysteries of her family as Abby's hundredth birthday approaches. | |
| 650 | 0. | ‡aFamily secrets ‡vJuvenile fiction. | |
| 650 | 0. | ‡aFamilies ‡vJuvenile fiction. | |
| 650 | 0. | ‡aBildungsromans. | |
| 650 | 1. | ‡aFamily secrets ‡vFiction | |
| 650 | 1. | ‡aFamily life ‡vFiction | |
| 650 | 1. | ‡aComing of age ‡vFiction | |
| 650 | 7. | ‡aFamily secrets ‡vJuvenile fiction. ‡2cct | |
| 650 | 7. | ‡aFamilies ‡vJuvenile fiction. ‡2cct | |
| 650 | 7. | ‡aBildungsromans. ‡2cct | |
| 650 | 7. | ‡aFamily secrets ‡vFiction. ‡2cct | |
| 650 | 7. | ‡aFamily life ‡vFiction. ‡2cct | |
| 650 | 7. | ‡aComing of age ‡vFiction. ‡2cct | |
| 650 | 7. | ‡aFiction. ‡2cct | |
| 650 | 7. | ‡aJuvenile works. ‡2cct | |
| 650 | 7. | ‡aBildungsromans. ‡2fast ‡0(OCoLC)fst00831688 | |
| 650 | 7. | ‡aFamilies. ‡2fast ‡0(OCoLC)fst01728849 | |
| 650 | 7. | ‡aFamily secrets. ‡2fast ‡0(OCoLC)fst01737651 | |
| 650 | 7. | ‡aSecrecy ‡vFiction. ‡2sears | |
| 650 | 7. | ‡aFamily life ‡vFiction. ‡2sears | |
| 650 | 7. | ‡aBildungsromans. ‡2sears | |
| 655 | 7. | ‡aDomestic fiction. ‡2fast ‡0(OCoLC)fst01726589 | |
| 655 | 7. | ‡aDomestic fiction. ‡2lcgft | |
| 655 | 2. | ‡aBildungsromans | |
| 655 | 4. | ‡aHistorical fiction | |
| 655 | 7. | ‡aBildungsromans. ‡2fast ‡0(OCoLC)fst01726536 | |
| 655 | 7. | ‡aFiction. ‡2fast ‡0(OCoLC)fst01423787 | |
| 655 | 7. | ‡aJuvenile works. ‡2fast ‡0(OCoLC)fst01411637 | |
| 655 | 7. | ‡aBildungsromans. ‡2gsafd | |
| 655 | 7. | ‡aBildungsromans. ‡2lcgft | |
| 800 | 1 | . | ‡aMartin, Ann M., ‡d1955- ‡tFamily tree ; ‡vbk. 4. |
| 856 | 4 | 2. | ‡3Contributor biographical information ‡uhttp://catdir.loc.gov/catdir/enhancements/fy1511/2014947737-b.html |
| 856 | 4 | 2. | ‡3Publisher description ‡uhttp://catdir.loc.gov/catdir/enhancements/fy1511/2014947737-d.html |
| 938 | . | ‡aBrodart ‡bBROD ‡n109543084 | |
| 938 | . | ‡aBaker and Taylor ‡bBTCP ‡nBK0015117814 | |
| 938 | . | ‡aChildren's Plus, Inc. ‡bCHIL ‡n1910556 | |
| 938 | . | ‡aYBP Library Services ‡bYANK ‡n11844505 | |
| 029 | 1 | . | ‡aAU@ ‡b000053972279 |
| 029 | 1 | . | ‡aNZ1 ‡b15784391 |
| 994 | . | ‡aZ0 ‡bMWL | |
| 948 | . | ‡hNO HOLDINGS IN MWL - 513 OTHER HOLDINGS | |
| 901 | . | ‡a158346 ‡b ‡c158346 ‡tbiblio | |